000 00605nam a2200193 i 4500
001 bg
100 1 _aSZOPLIŃSKI, Zbigniew
245 1 0 _aBadanie i projektowanie układów regulacji :
_bmetody eksperymnetalne i modelowe /
_cZbigniew Szopliński.
260 _aWarszawa :
_bWydawnictwa Naukowo-Techniczne,
_c1975.
300 _a278 s. :
_brys., wykr. ;
_c24 cm.
504 _aBibliogr. s. 273-274.
650 9 _aAutomatyka
_xteoria
655 _aPodręczniki akademickie
040 _cBPK
041 0 _apl
080 _a62-5:681.5](075.8)
942 _cKS
008 s pl f |000 0 pol
999 _c35878
_d35878
856 _uhttp://koha.tu.koszalin.pl/cgi-bin/koha/opac-detail.pl?biblionumber=35878
_yKatalog online BPK